Where did it gain it's independence from? - Statistics

General Stats
  • This quiz has been taken 82 times
  • The average score is 13 of 15
Answer Stats
country Answer Hint % Correct
america UK 4 Countries make up this.
100%
Egypt UK 4 Countries make up this.
100%
Australia UK 4 Countries make up this.
100%
Cameroon France 3rd biggest country in Europe.
99%
Madagascar France 3rd biggest country in Europe.
99%
Algeria France 3rd biggest country in Europe.
99%
Papua new guinea Australia Biggest country in Oceania.
97%
vatican city Italy 2 countries landlocked in it.
97%
San marino Italy 2 countries landlocked in it.
97%
Samoa New zealand 3rd biggest country in Oceania.
90%
Lesotho South africa Only African country on list.
89%
Singapore Malaysia Island nation.
85%
China Mongolian Empire Empire.
56%
Afghanistan Mongolian Empire Empire.
56%
Vietnam Mongolian Empire Empire.
56%
No matching quizzes found
Score Distribution
Percent of People with Each Score
Percentile by Number Answered
Your Score History
You have not taken this quiz